World investment report 1996 : investment, trade and international policy arrangements

Saved in:
Bibliographic Details
Format: Book
Language:English
Published: New York : United Nations, 1996
Subjects:
Tags: Add Tag
No Tags, Be the first to tag this record!

MARC

LEADER 00000nam a2200000 i 4500
001 1/70234
008 981119s1996 eng d
020 |a 9211044685 
035 |l 10030587 
040 |a GR-MY-UA  |b gre  |e aacr 
041 0 |a eng 
082 0 |a 332.673 
245 1 0 |a World investment report 1996 :  |b investment, trade and international policy arrangements 
260 |a New York :   |b United Nations,   |c 1996 
300 |a xxxii, 332 p. 
650 0 0 |a Investments, Foreign  |x Periodicals. 
650 0 0 |a International trade  |x Periodicals. 
852 |a INST  |b CHIOS  |e 19981119  |h 332.67305 WOR  |p 005200009926  |q 005200009926  |t BK  |y 0 
901 |a BIBL-1998-3 
909 |a Χ  |b 048445 
922 |a 2ΕΛΗ